|
|
|
|
| LEADER |
00815nab a2200217 i 4500 |
| 001 |
publ33956 |
| 005 |
20250612165452.0 |
| 008 |
250612s1973 hu o 000 ger d |
| 022 |
|
|
|a 0013-7251
|
| 024 |
7 |
|
|a 1849659
|2 mtmt
|
| 040 |
|
|
|a SZTE Publicatio Repozitórium
|b hun
|
| 041 |
|
|
|a ger
|
| 100 |
1 |
|
|a Sas M
|
| 245 |
1 |
0 |
|a Tierexperimentelle Untersuchungen über die Pharmakologie des 3-Methoxy-17-Epioestriol (Epimestrol) [Animal experimental studies on the pharmacology of 3-methoxy-17-epiestriol (Epimestrol)]
|h [elektronikus dokumentum] /
|c Sas M
|
| 260 |
|
|
|c 1973
|
| 300 |
|
|
|a 69-76
|
| 490 |
0 |
|
|a ENDOKRINOLOGIE
|v 62 No. 1
|
| 650 |
|
4 |
|a Klinikai orvostan
|
| 700 |
0 |
1 |
|a Bártfai György
|e aut
|
| 700 |
0 |
1 |
|a Falkay György
|e aut
|
| 856 |
4 |
0 |
|u http://publicatio.bibl.u-szeged.hu/33956/1/aok_klny_920_73.pdf
|z Dokumentum-elérés
|